000 00423nam a2200157Ia 4500
008 090124s9999 xx 000 0 und d
082 _b114331
245 _a सैतानाशी झुंज
250 _a1
260 _c1972
300 _a109
630 _a सैतानाशी झुंज
700 _aदेवधर विजय
730 _a सैतानाशी झुंज
942 _cBOOK
999 _c160422
_d160422